[Event "Druga liga Srbije- Grupa Vojvodina 2014"]
[Site "Kac, hotel "]
[Date "2014.11.13"]
[Round "9.1"]
[White "Lorinc, Sandor"]
[Black "Besedes, Danilo"]
[Result "0-1"]
[WhiteElo "2168"]
[BlackElo "2113"]
[PlyCount "98"]
[EventDate "2014.11.08"]

1. d4 Nf6 2. Nf3 g6 3. Bf4 Bg7 4. e3 d5 5. Be2 O-O 6. h3 c5 7. Nc3 Nc6 8. O-O
cxd4 9. exd4 Bf5 10. Ne5 Qb6 11. Nxc6 Qxc6 12. Re1 a6 13. Bf3 Rfe8 14. g4 Be6
15. Rc1 Rac8 16. Qd2 Nd7 17. Ne2 b5 18. b3 Nb6 19. Qa5 Ra8 20. Kg2 f6 21. c4
bxc4 22. Nc3 Bf7 23. Na4 Nxa4 24. Rxc4 Qb5 25. Rxa4 e5 26. Bd2 Qb7 27. Rb4 Qd7
28. Rc1 e4 29. Be2 f5 30. Rc7 Qd8 31. Rbb7 Rf8 32. Bb4 f4 33. f3 Qh4 34. Be1
Qf6 35. h4 Qxd4 36. fxe4 Be5 37. Rd7 Qe3 38. Qd2 Qxd2 39. Bxd2 dxe4 40. Bc4
Bxc4 41. bxc4 e3 42. Bc1 f3+ 43. Kf1 e2+ 44. Ke1 Bg3+ 45. Kd2 e1=Q+ 46. Kc2
Qe4+ 47. Kb3 Qxb7+ 48. Rxb7 f2 49. Bb2 Rab8 0-1

[Event "Druga liga Srbije- Grupa Vojvodina 2014"]
[Site "Kac, hotel "]
[Date "2014.11.13"]
[Round "9.1"]
[White "Mitrovic, Zivadin"]
[Black "Vranic, Ljubomir"]
[Result "1-0"]
[WhiteElo "2186"]
[BlackElo "2187"]
[PlyCount "139"]
[EventDate "2014.11.08"]

1. b4 d5 2. Bb2 e6 3. e3 Nf6 4. a3 a5 5. b5 c5 6. Nf3 Nbd7 7. c4 dxc4 8. Bxc4
Bd6 9. d4 Qc7 10. Nbd2 b6 11. Rc1 Bb7 12. Qe2 O-O 13. O-O Rac8 14. Rfd1 Qb8 15.
h3 Rfd8 16. Bb3 Be7 17. Bc4 Qa8 18. Bd3 Ne4 19. Nc4 Qa7 20. Bb1 Nf8 21. Nfe5 f6
22. Nf3 Bd5 23. Ne1 Qb7 24. f3 Nd6 25. Nd2 Qa8 26. e4 Bb7 27. Nc2 cxd4 28. Bxd4
Re8 29. Bxb6 a4 30. Ba2 Kh8 31. Qd3 Qb8 32. Be3 Red8 33. Qe2 e5 34. Nb4 Rxc1
35. Rxc1 Rc8 36. Rd1 Ba8 37. b6 Rd8 38. Qa6 Nc8 39. Bd5 Bxb4 40. axb4 Bxd5 41.
exd5 Rxd5 42. Rc1 Rd8 43. Nc4 h6 44. b7 Ne7 45. Na5 Kh7 46. Ba7 Rd6 47. Nc6
Rxc6 48. Rxc6 Nxc6 49. Bxb8 Nxb8 50. Qd3+ g6 51. Qa3 Kg7 52. Qxa4 Nfd7 53. Qb5
f5 54. Qd5 Kf6 55. Kf2 h5 56. Qd6+ Kf7 57. Ke3 h4 58. f4 e4 59. Kd4 Kg7 60.
Qe7+ Kg8 61. Qxh4 Kf7 62. Kd5 Nf6+ 63. Ke5 Nfd7+ 64. Kd6 Nf6 65. b5 Ne8+ 66.
Kc5 Nf6 67. Kb6 Nfd7+ 68. Kc7 Kg7 69. Qe7+ Kh6 70. Qxd7 1-0

[Event "Druga liga Srbije- Grupa Vojvodina 2014"]
[Site "Kac, hotel "]
[Date "2014.11.13"]
[Round "9.1"]
[White "Kaszas, Viktor"]
[Black "Vlajkovic, Goran"]
[Result "1/2-1/2"]
[WhiteElo "2039"]
[BlackElo "2099"]
[PlyCount "118"]
[EventDate "2014.11.08"]

1. e4 e5 2. Nf3 Nf6 3. Nxe5 d6 4. Nf3 Nxe4 5. d4 d5 6. Bd3 Bd6 7. O-O O-O 8. c4
Be6 9. Re1 Re8 10. c5 Be7 11. Nc3 Nxc3 12. bxc3 c6 13. Qc2 h6 14. Bh7+ Kh8 15.
Rxe6 fxe6 16. Ne5 Rf8 17. Ng6+ Kxh7 18. Nxf8+ Kg8 19. Nxe6 Qd7 20. Qg6 Bf6 21.
Nf4 Qf7 22. Qxf7+ Kxf7 23. Rb1 b5 24. cxb6 axb6 25. Rxb6 Nd7 26. Rb7 Ke8 27. a3
Bg5 28. Ne6 Ke7 29. Nxg5 hxg5 30. Bxg5+ Ke6 31. Bc1 c5 32. Kf1 Ra4 33. dxc5 Rc4
34. Be3 Rxc3 35. Ra7 Rc4 36. Ra6+ Ke5 37. c6 Nb8 38. Ra7 Nxc6 39. Rxg7 d4 40.
Bd2 Ke4 41. Rg3 Rc2 42. Ke2 Ra2 43. Rg4+ Kd5 44. h4 Ne5 45. Rg5 Ke6 46. Kd1 Nc4
47. Bc1 Rxf2 48. Rc5 Ne5 49. Rc2 Rf1+ 50. Kd2 Rf2+ 51. Kd1 Rf1+ 52. Ke2 Rh1 53.
Rd2 Rxc1 54. Rxd4 Ra1 55. a4 Kf5 56. Kf2 Ra2+ 57. Kg3 Ra3+ 58. Kf2 Ra2+ 59. Kf1
Ra1+ 1/2-1/2

[Event "Druga liga Srbije- Grupa Vojvodina 2014"]
[Site "Kac, hotel "]
[Date "2014.11.13"]
[Round "9.2"]
[White "Sertic, Rudolf"]
[Black "Veljkovic, Vojislav"]
[Result "1-0"]
[WhiteElo "2336"]
[BlackElo "2224"]
[PlyCount "69"]
[EventDate "2014.11.08"]

1. c4 e5 2. Nc3 f5 3. g3 Nf6 4. Bg2 c6 5. d3 Bb4 6. Nf3 Qe7 7. O-O O-O 8. Bd2
Bd6 9. Nh4 g6 10. Bh6 Re8 11. Bg5 Bc7 12. e4 f4 13. Qd2 Qg7 14. gxf4 h6 15.
Bxf6 Qxf6 16. Nf3 exf4 17. e5 Bxe5 18. Rae1 Kf8 19. Qe2 Re6 20. Nxe5 d6 21. Ng4
Qf5 22. Ne3 Qg5 23. Qf3 Na6 24. Ne4 Rxe4 25. dxe4 Kg8 26. Nc2 Bg4 27. h4 Qxh4
28. Qxf4 Rf8 29. Qxd6 Rd8 30. Qxg6+ Kh8 31. e5 Rf8 32. Re4 h5 33. f3 Nc5 34.
Rd4 Ne6 35. Qxe6 1-0

[Event "Druga liga Srbije- Grupa Vojvodina 2014"]
[Site "Kac, hotel "]
[Date "2014.11.13"]
[Round "9.2"]
[White "Kolognat, Petar"]
[Black "Savanovic, Vuk"]
[Result "1/2-1/2"]
[WhiteElo "2294"]
[BlackElo "2292"]
[PlyCount "27"]
[EventDate "2014.11.08"]

1. d4 Nf6 2. Nc3 d5 3. Bg5 Nbd7 4. Nf3 g6 5. Qd3 Bg7 6. e4 dxe4 7. Nxe4 O-O 8.
O-O-O Nxe4 9. Qxe4 Nf6 10. Qh4 c5 11. Bh6 Qa5 12. Bxg7 Kxg7 13. a3 cxd4 14.
Rxd4 1/2-1/2

[Event "Druga liga Srbije- Grupa Vojvodina 2014"]
[Site "Kac, hotel "]
[Date "2014.11.13"]
[Round "9.2"]
[White "Banovic, Ivan"]
[Black "Mastrapovic, Vladimir"]
[Result "1/2-1/2"]
[WhiteElo "2226"]
[BlackElo "2274"]
[PlyCount "27"]
[EventDate "2014.11.08"]

1. d4 Nf6 2. c4 g6 3. Nc3 d5 4. Bg5 Bg7 5. Bxf6 Bxf6 6. cxd5 c6 7. e3 cxd5 8.
Qb3 e6 9. Nf3 O-O 10. Bd3 Nc6 11. O-O Bd7 12. Rfc1 Qe7 13. Rab1 Rfc8 14. Na4
1/2-1/2

[Event "Druga liga Srbije- Grupa Vojvodina 2014"]
[Site "Kac, hotel "]
[Date "2014.11.13"]
[Round "9.2"]
[White "Bogic, Stevan"]
[Black "Krejic, Igor"]
[Result "1/2-1/2"]
[WhiteElo "2199"]
[BlackElo "2213"]
[PlyCount "46"]
[EventDate "2014.11.08"]

1. d4 Nf6 2. c4 e6 3. Nc3 Bb4 4. Nf3 d5 5. Bg5 h6 6. Bxf6 Qxf6 7. Qa4+ Nc6 8.
Ne5 O-O 9. Nxc6 Bxc3+ 10. bxc3 Bd7 11. cxd5 exd5 12. g3 Bxc6 13. Qb3 Qd6 14.
Bg2 Rfe8 15. e3 a5 16. O-O Ra6 17. c4 a4 18. Qc3 dxc4 19. Qxc4 b5 20. Qd3 Bxg2
21. Kxg2 Qd5+ 22. Kg1 Rb6 23. Rfc1 Rc6 1/2-1/2

[Event "Druga liga Srbije- Grupa Vojvodina 2014"]
[Site "Kac, hotel "]
[Date "2014.11.13"]
[Round "9.2"]
[White "Djurnic, Strahinja"]
[Black "Markovic, Dragan M"]
[Result "1-0"]
[WhiteElo "2048"]
[BlackElo "2017"]
[PlyCount "55"]
[EventDate "2014.11.08"]

1. e4 c5 2. Nf3 d6 3. d4 cxd4 4. Nxd4 e5 5. Nb3 Nf6 6. Nc3 Be7 7. f3 O-O 8. Be3
Be6 9. Qd2 a6 10. O-O-O b5 11. g4 Nbd7 12. g5 Nh5 13. Kb1 Nb6 14. Nd5 Bxd5 15.
exd5 Nf4 16. Bxf4 exf4 17. h4 Nc4 18. Qxf4 Qc7 19. Nd4 Na5 20. Bd3 Nc4 21. Nc6
Ne5 22. Qe4 f5 23. gxf6 Bxf6 24. Qxh7+ Kf7 25. Qh5+ g6 26. Qh7+ Bg7 27. Nxe5+
dxe5 28. Qxg6+ 1-0

[Event "Druga liga Srbije- Grupa Vojvodina 2014"]
[Site "Kac, hotel "]
[Date "2014.11.13"]
[Round "9.3"]
[White "Kokeza, Mirko"]
[Black "Vlahovic, Bogdan"]
[Result "1-0"]
[WhiteElo "2265"]
[BlackElo "2323"]
[PlyCount "89"]
[EventDate "2014.11.08"]

1. d4 Nf6 2. c4 e6 3. Nc3 Bb4 4. a3 Bxc3+ 5. bxc3 d6 6. e3 O-O 7. Bd3 e5 8. e4
h6 9. Ne2 c5 10. O-O Re8 11. Ng3 Nc6 12. d5 Ne7 13. Ra2 Ng6 14. Nf5 Ne7 15. g4
Nh7 16. Qf3 Rf8 17. Qg3 Ng6 18. f3 Kh8 19. h4 a5 20. Rg2 Rg8 21. g5 h5 22. f4
Ra6 23. Be2 exf4 24. Bxf4 Bxf5 25. exf5 Ne7 26. Bxh5 Nxf5 27. Qh3 g6 28. Bg4
Ng7 29. Bc1 Qe8 30. Re2 Qf8 31. Ref2 f5 32. gxf6 Nf5 33. Bg5 Qf7 34. Rxf5 gxf5
35. Bxf5 Raa8 36. Be6 Qh5 37. f7 Rg7 38. Kh1 Rf8 39. Be7 Qe2 40. Bxd6 Qe4+ 41.
Rf3 Rfxf7 42. Bxf7 Rxf7 43. Be5+ Nf6 44. Qg3 Kh7 45. Qf4 1-0

[Event "Druga liga Srbije- Grupa Vojvodina 2014"]
[Site "Kac, hotel "]
[Date "2014.11.13"]
[Round "9.3"]
[White "Vukovic, Miroslav R"]
[Black "Mijatovic, Dejan"]
[Result "1-0"]
[WhiteElo "2183"]
[BlackElo "2251"]
[PlyCount "91"]
[EventDate "2014.11.08"]

1. e4 c6 2. d4 d5 3. exd5 cxd5 4. Bd3 Nc6 5. c3 g6 6. Nf3 Bg7 7. O-O Nh6 8. Re1
O-O 9. Nbd2 f6 10. b4 a6 11. Nb3 Nf7 12. h3 e5 13. Bf1 e4 14. Nh2 f5 15. a4 Be6
16. Nc5 Bc8 17. Ba3 b6 18. Nb3 Nd6 19. b5 axb5 20. axb5 Na7 21. Nd2 Be6 22. Qb3
Re8 23. Ra2 Nac8 24. Rea1 Ra5 25. Bb4 Rxa2 26. Qxa2 Nf7 27. Qa8 f4 28. Qc6 e3
29. Ndf3 Bd7 30. Qxd5 e2 31. Bxe2 Rxe2 32. Ra8 Qe8 33. Ng4 h5 34. Nge5 Bxe5 35.
dxe5 Kg7 36. Qd3 Rb2 37. Ba3 Bf5 38. Qd4 Rb1+ 39. Kh2 Qe6 40. Rxc8 Qxc8 41. e6+
Kg8 42. exf7+ Kxf7 43. Ng5+ Kg8 44. Qd5+ Kg7 45. Qf7+ Kh6 46. h4 1-0

[Event "Druga liga Srbije- Grupa Vojvodina 2014"]
[Site "Kac, hotel "]
[Date "2014.11.13"]
[Round "9.3"]
[White "Sevo, Dusan"]
[Black "Tomic, Vjekoslav"]
[Result "1/2-1/2"]
[WhiteElo "2232"]
[BlackElo "2237"]
[PlyCount "71"]
[EventDate "2014.11.08"]

1. e4 c5 2. Nf3 d6 3. d4 cxd4 4. Nxd4 Nf6 5. f3 Nc6 6. c4 Qb6 7. Nb3 e6 8. Nc3
a6 9. Qe2 Be7 10. Be3 Qc7 11. Qf2 Bd7 12. Bb6 Qc8 13. Rc1 O-O 14. Be2 Qe8 15.
O-O Rc8 16. Rfd1 Ne5 17. Na5 Bc6 18. b4 Ned7 19. Be3 Qd8 20. a3 Re8 21. Rd2 Qc7
22. Nb3 b6 23. Rdc2 Ba8 24. Na4 Rb8 25. Bf1 Red8 26. Qg3 Qb7 27. Bh6 Ne8 28.
Kh1 Rbc8 29. Be3 Nef6 30. Bh6 Ne8 31. Be3 Rc7 32. h3 Rdc8 33. Qf2 Rb8 34. Qg3
Rbc8 35. Qf2 Rb8 36. Qg3 1/2-1/2

[Event "Druga liga Srbije- Grupa Vojvodina 2014"]
[Site "Kac, hotel "]
[Date "2014.11.13"]
[Round "9.3"]
[White "Curakovic, Dragan"]
[Black "Adamov, Ivan"]
[Result "1/2-1/2"]
[WhiteElo "2140"]
[BlackElo "1947"]
[PlyCount "121"]
[EventDate "2014.11.08"]

1. e4 c5 2. Nf3 d6 3. d4 cxd4 4. Nxd4 Nf6 5. Nc3 a6 6. a4 Nc6 7. Be2 e6 8. Be3
Be7 9. Qd2 O-O 10. f4 Qc7 11. O-O Na5 12. h3 b6 13. Qd3 Bb7 14. Nb3 Nxb3 15.
cxb3 d5 16. e5 Nd7 17. Rac1 Bc5 18. b4 Bxe3+ 19. Qxe3 Qd8 20. Bd3 Qe7 21. Qd4
Rac8 22. Ne2 Rxc1 23. Rxc1 Rc8 24. Rxc8+ Bxc8 25. Qc3 Qd8 26. Nd4 Bb7 27. Kh2
Nb8 28. g3 Qd7 29. b3 h6 30. b5 a5 31. b4 axb4 32. Qxb4 Qc7 33. Bc2 g6 34. h4
h5 35. Kh3 Qc4 36. Qxc4 dxc4 37. g4 hxg4+ 38. Kxg4 Nd7 39. h5 gxh5+ 40. Kxh5
Nc5 41. Kg4 Be4 42. Bxe4 Nxe4 43. f5 Nc5 44. Kf4 exf5 45. Nxf5 Nxa4 46. Nd6 c3
47. Ke3 Kf8 48. Nf5 c2 49. Kd2 Nc3 50. Kxc2 Nxb5 51. Kb3 Ke8 52. Kc4 Nc7 53.
Nd6+ Kf8 54. Nc8 b5+ 55. Kc5 Kg7 56. Nd6 Kg6 57. Kb4 Kg7 58. Nxb5 Nxb5 59. Kxb5
Kg6 60. Kc5 Kf5 61. Kd6 1/2-1/2

[Event "Druga liga Srbije- Grupa Vojvodina 2014"]
[Site "Kac, hotel "]
[Date "2014.11.13"]
[Round "9.4"]
[White "Indjic, Dusan"]
[Black "Vukic, Milan"]
[Result "1/2-1/2"]
[WhiteElo "2287"]
[BlackElo "2396"]
[PlyCount "73"]
[EventDate "2014.11.08"]

1. d4 Nf6 2. c4 d6 3. Nc3 Nbd7 4. e4 e5 5. Nf3 c6 6. Be2 Be7 7. O-O O-O 8. Qc2
a6 9. Rd1 Qc7 10. Rb1 Re8 11. dxe5 Nxe5 12. Nxe5 dxe5 13. b4 b5 14. a4 a5 15.
cxb5 cxb5 16. Qb2 axb4 17. Nxb5 Qb8 18. Bg5 Be6 19. Bxf6 gxf6 20. Rd3 Rxa4 21.
Qc1 Kh8 22. Nc3 Ra7 23. Nd5 Bxd5 24. Rxd5 Qc8 25. Qd1 Rg8 26. Kh1 Qe6 27. Bc4
Qg4 28. Qxg4 Rxg4 29. f3 Rg8 30. Rb5 Kg7 31. h3 Rc8 32. Bd5 Kg6 33. Kh2 Rc2 34.
Rb7 Rxb7 35. Bxb7 Bc5 36. Bd5 h5 37. h4 1/2-1/2

[Event "Druga liga Srbije- Grupa Vojvodina 2014"]
[Site "Kac, hotel "]
[Date "2014.11.13"]
[Round "9.4"]
[White "Elez, Nikola"]
[Black "Stamenkovic, Aleksandar"]
[Result "1/2-1/2"]
[WhiteElo "2168"]
[BlackElo "2284"]
[PlyCount "79"]
[EventDate "2014.11.08"]

1. e4 d5 2. exd5 Qxd5 3. Nc3 Qd6 4. Bc4 Be6 5. Bxe6 Qxe6+ 6. Nge2 Nf6 7. O-O
Qd7 8. Re1 e6 9. d4 Be7 10. Qd3 O-O 11. Bf4 c5 12. Rad1 Nc6 13. dxc5 Qxd3 14.
Rxd3 Nb4 15. Rd2 Bxc5 16. Red1 h6 17. a3 Nc6 18. Bd6 Bxd6 19. Rxd6 Ne5 20. b3
Rac8 21. h3 a6 22. Kf1 Ng6 23. g3 Rfe8 24. Ke1 Kf8 25. Kd2 Nd5 26. Nxd5 Red8
27. Rxd8+ Rxd8 28. Ke3 exd5 29. Nc3 Ne7 30. g4 Rc8 31. Nxd5 Nxd5+ 32. Rxd5 Rxc2
33. Rd3 Ke7 34. f4 Rh2 35. Ke4 Re2+ 36. Kd5 Kd7 37. a4 b6 38. f5 f6 39. Kc4+
Kc7 40. Kd5 1/2-1/2

[Event "Druga liga Srbije- Grupa Vojvodina 2014"]
[Site "Kac, hotel "]
[Date "2014.11.13"]
[Round "9.4"]
[White "Stanojevic, Branko"]
[Black "Gavric, Zivojin"]
[Result "1/2-1/2"]
[WhiteElo "2247"]
[BlackElo "2104"]
[PlyCount "72"]
[EventDate "2014.11.08"]

1. c4 c6 2. Nf3 d5 3. b3 Nf6 4. Bb2 Bf5 5. d3 e6 6. g3 b5 7. Nbd2 Qb6 8. Bg2
Bc5 9. O-O O-O 10. h3 Nbd7 11. Qc2 h6 12. Bc3 a5 13. a3 b4 14. Bxf6 gxf6 15. a4
Ne5 16. Rac1 Rac8 17. Qb2 d4 18. Rcd1 Rcd8 19. Qc1 Kg7 20. Nh2 Bg6 21. f4 Nd7
22. Be4 f5 23. Bg2 Bd6 24. Nhf3 c5 25. Nh4 Qc7 26. Rf2 Nf6 27. Nf1 Bh5 28. Bf3
Rg8 29. e4 dxe3 30. Qxe3 Kh7 31. Kh1 Rg7 32. Rg2 Rdg8 33. Qe2 Bxf3 34. Qxf3 Be7
35. Qe2 Bd6 36. Qf3 Be7 1/2-1/2

[Event "Druga liga Srbije- Grupa Vojvodina 2014"]
[Site "Kac, hotel "]
[Date "2014.11.13"]
[Round "9.4"]
[White "Zobenica, Ivan"]
[Black "Kovacevic, Dragan"]
[Result "1-0"]
[WhiteElo "2106"]
[BlackElo "2251"]
[PlyCount "59"]
[EventDate "2014.11.08"]

1. e4 g6 2. d4 Bg7 3. Nf3 d6 4. c3 c6 5. Bd3 e5 6. O-O Qc7 7. h3 Nf6 8. Re1 O-O
9. Nbd2 a5 10. a4 Nbd7 11. Nf1 b6 12. Ng3 Bb7 13. Bg5 Rfe8 14. Qb3 Ba6 15. Bxa6
Rxa6 16. Qc4 Ra7 17. dxe5 dxe5 18. Be3 Bf8 19. b4 h6 20. Nh4 g5 21. Nhf5 axb4
22. cxb4 Rxa4 23. Rxa4 b5 24. Ra7 Qxa7 25. Qxc6 Qa8 26. Qxb5 Rb8 27. Qc4 Rc8
28. Qd3 Bxb4 29. Nxh6+ Kg7 30. Qb3 1-0

[Event "Druga liga Srbije- Grupa Vojvodina 2014"]
[Site "Kac, hotel "]
[Date "2014.11.13"]
[Round "9.4"]
[White "Kovacevic, Djordje"]
[Black "Indjic, Stefan"]
[Result "0-1"]
[WhiteElo "2122"]
[BlackElo "2080"]
[PlyCount "54"]
[EventDate "2014.11.08"]

1. d4 d5 2. Nf3 Nf6 3. Bf4 e6 4. e3 c5 5. c3 Nc6 6. Ne5 Qb6 7. Qb3 Qxb3 8. axb3
Nxe5 9. Bxe5 Be7 10. Nd2 Bd7 11. Be2 O-O 12. O-O Rfc8 13. Ra2 a6 14. Rfa1 Ne4
15. Nxe4 dxe4 16. f3 f6 17. Bg3 Bc6 18. Kf2 cxd4 19. exd4 Rd8 20. Bc4 Kf7 21.
b4 Rac8 22. Re1 f5 23. fxe4 Bxe4 24. Bb3 h5 25. Ra5 h4 26. Bf4 g5 27. Rxf5+
Bxf5 0-1

[Event "Druga liga Srbije- Grupa Vojvodina 2014"]
[Site "Kac, hotel "]
[Date "2014.11.13"]
[Round "9.4"]
[White "Cecaric, Milan"]
[Black "Skoko, Milan"]
[Result "1/2-1/2"]
[WhiteElo "2019"]
[BlackElo "2199"]
[PlyCount "85"]
[EventDate "2014.11.08"]

1. e4 c5 2. Nc3 Nc6 3. Nf3 Nf6 4. b3 d6 5. Bc4 a6 6. a4 e6 7. d4 cxd4 8. Nxd4
Be7 9. O-O Qc7 10. Nxc6 bxc6 11. Bb2 e5 12. Qd3 O-O 13. Rad1 a5 14. Ba3 d5 15.
Bxe7 dxc4 16. Bd6 cxd3 17. Bxc7 dxc2 18. Rc1 Re8 19. Rxc2 Ra7 20. Bb6 Ra6 21.
Bc7 Be6 22. Rb1 Nd7 23. b4 axb4 24. Rxb4 Rc8 25. f4 c5 26. Rb7 exf4 27. a5 g5
28. Nd5 Kg7 29. Nb6 Nxb6 30. axb6 Rca8 31. h3 Kg6 32. Rxc5 Ra1+ 33. Kh2 f3 34.
Rc2 R1a2 35. Rxa2 Rxa2 36. Ra7 Rb2 37. Ra3 fxg2 38. Rg3 Bc8 39. Rxg2 Rxg2+ 40.
Kxg2 Bb7 41. Kg3 Bxe4 42. h4 f6 43. Bd8 1/2-1/2

[Event "Druga liga Srbije- Grupa Vojvodina 2014"]
[Site "Kac, hotel "]
[Date "2014.11.13"]
[Round "9.5"]
[White "Bokros, Albert"]
[Black "Czebe, Attila"]
[Result "1/2-1/2"]
[WhiteElo "2485"]
[BlackElo "2437"]
[PlyCount "20"]
[EventDate "2014.11.08"]

1. e4 d5 2. exd5 Qxd5 3. Nc3 Qa5 4. Bc4 Nf6 5. d4 c6 6. Nf3 Bf5 7. Bd2 e6 8.
Qe2 Qc7 9. O-O-O Be7 10. h3 h6 1/2-1/2

[Event "Druga liga Srbije- Grupa Vojvodina 2014"]
[Site "Kac, hotel "]
[Date "2014.11.13"]
[Round "9.5"]
[White "Bulajic, Ratko"]
[Black "Somborski, Nebojsa"]
[Result "1/2-1/2"]
[WhiteElo "2292"]
[BlackElo "2318"]
[PlyCount "24"]
[EventDate "2014.11.08"]

1. d4 d5 2. c4 e6 3. Nf3 Nf6 4. g3 Be7 5. Bg2 O-O 6. O-O dxc4 7. Ne5 Nc6 8.
Bxc6 bxc6 9. Nxc6 Qe8 10. Nxe7+ Qxe7 11. Qa4 e5 12. dxe5 Qxe5 1/2-1/2

[Event "Druga liga Srbije- Grupa Vojvodina 2014"]
[Site "Kac, hotel "]
[Date "2014.11.13"]
[Round "9.5"]
[White "Bodiroga, Predrag"]
[Black "Dekic, Josip"]
[Result "1/2-1/2"]
[WhiteElo "2358"]
[BlackElo "2272"]
[PlyCount "59"]
[EventDate "2014.11.08"]

1. d4 Nf6 2. c4 g6 3. Nc3 d5 4. e3 Bg7 5. cxd5 Nxd5 6. Nxd5 Qxd5 7. Ne2 O-O 8.
Nc3 Qd8 9. Be2 c5 10. d5 e6 11. e4 exd5 12. exd5 Qd6 13. O-O Bf5 14. Be3 b6 15.
Qd2 a6 16. Rfe1 h5 17. h3 Ra7 18. Bf3 Nd7 19. Be4 Bxe4 20. Nxe4 Qe5 21. Nc3 Qf5
22. Bh6 Nf6 23. Bxg7 Kxg7 24. f4 Re8 25. Rxe8 Nxe8 26. Re1 Nd6 27. b3 Qf6 28.
Re5 b5 29. Qe3 Rc7 30. g3 1/2-1/2

[Event "Druga liga Srbije- Grupa Vojvodina 2014"]
[Site "Kac, hotel "]
[Date "2014.11.13"]
[Round "9.5"]
[White "Strangar, Zlatko"]
[Black "Brajic, Djordje"]
[Result "1-0"]
[WhiteElo "2243"]
[BlackElo "2267"]
[PlyCount "57"]
[EventDate "2014.11.08"]

1. e4 e5 2. Nf3 Nc6 3. Bb5 a6 4. Ba4 Nf6 5. Qe2 b5 6. Bb3 Be7 7. c3 O-O 8. a4
Bb7 9. O-O d6 10. d4 Nb8 11. Nbd2 Nbd7 12. Rd1 c5 13. dxe5 dxe5 14. axb5 axb5
15. Rxa8 Qxa8 16. Qxb5 Ba6 17. Qa4 Nb6 18. Qa2 c4 19. Nxc4 Bxc4 20. Bxc4 Qxe4
21. Bd3 Rd8 22. Qa6 Nc4 23. Nd4 Qh4 24. Nf5 Qe4 25. Nxe7+ Kf8 26. f3 Rxd3 27.
fxe4 Rxd1+ 28. Kf2 Nd6 29. Ke2 1-0

[Event "Druga liga Srbije- Grupa Vojvodina 2014"]
[Site "Kac, hotel "]
[Date "2014.11.13"]
[Round "9.5"]
[White "Perisic, Radivoj"]
[Black "Tokovic, Svetozar"]
[Result "1/2-1/2"]
[WhiteElo "2323"]
[BlackElo "2235"]
[PlyCount "82"]
[EventDate "2014.11.08"]

1. e4 c5 2. Nf3 e6 3. d4 cxd4 4. Nxd4 Nc6 5. Nc3 Qc7 6. Be2 a6 7. Be3 Nf6 8.
O-O Bb4 9. Na4 Be7 10. Nxc6 bxc6 11. Nb6 Rb8 12. Nxc8 Qxc8 13. e5 Nd5 14. Bc1
Bc5 15. Qd3 Qc7 16. Qg3 Bd4 17. Qxg7 Bxe5 18. Qh6 Bf4 19. Bxf4 Qxf4 20. Qxf4
Nxf4 21. Bxa6 Rxb2 22. Rfb1 Rxb1+ 23. Rxb1 Ke7 24. g3 Nd5 25. Bc4 Ra8 26. Bxd5
exd5 27. Ra1 Ra3 28. Kf1 Kd6 29. Ke2 Kc5 30. Kd2 Kc4 31. Re1 d4 32. Re7 d5 33.
Rxf7 Rxa2 34. Rf4 Ra7 35. g4 Ra3 36. f3 Ra1 37. g5 Rg1 38. Rg4 Rf1 39. Ke2 Rc1
40. Kd2 Rf1 41. Ke2 Rc1 1/2-1/2

[Event "Druga liga Srbije- Grupa Vojvodina 2014"]
[Site "Kac, hotel "]
[Date "2014.11.13"]
[Round "9.5"]
[White "Ivanovic, Miroslav"]
[Black "Strbac, Mladen"]
[Result "0-1"]
[WhiteElo "2126"]
[BlackElo "2298"]
[PlyCount "64"]
[EventDate "2014.11.08"]

1. d4 d6 2. Nf3 g6 3. c4 Bg7 4. Nc3 Bg4 5. g3 Bxf3 6. exf3 Nd7 7. Bg2 Nh6 8.
O-O Nf5 9. d5 O-O 10. Rb1 Ne5 11. b3 c5 12. dxc6 Nxc6 13. Bb2 Qa5 14. Qd2 Nfd4
15. Rfd1 Qh5 16. Qe3 e5 17. Nb5 Rad8 18. Qe4 d5 19. cxd5 f5 20. Qd3 e4 21. fxe4
fxe4 22. Bxe4 Ne2+ 23. Kf1 Rxf2+ 24. Kxf2 Qxh2+ 25. Ke1 Nxg3 26. Bxg7 Nb4 27.
Qe3 Nxe4 28. Rb2 Qh4+ 29. Rf2 Nc2+ 30. Ke2 Nxe3 31. Kxe3 Qxf2+ 32. Kxe4 Qe2+
0-1

[Event "Druga liga Srbije- Grupa Vojvodina 2014"]
[Site "Kac, hotel "]
[Date "2014.11.13"]
[Round "9.6"]
[White "Stojanovic, Dalibor"]
[Black "Del Rey, Diego"]
[Result "1/2-1/2"]
[WhiteElo "2504"]
[BlackElo "2379"]
[PlyCount "50"]
[EventDate "2014.11.08"]

1. e4 e5 2. Nf3 Nf6 3. d4 Nxe4 4. Bd3 d5 5. Nxe5 Nd7 6. Nxd7 Bxd7 7. O-O Bd6 8.
Nc3 Nxc3 9. bxc3 O-O 10. Qh5 f5 11. Rb1 b6 12. Re1 Qf6 13. Qf3 c6 14. Bf4 Rfe8
15. Qg3 Bf8 16. h3 b5 17. Be5 Qh6 18. Re2 Re7 19. Rbe1 Rae8 20. Qf3 Qg5 21. Bf4
Qf6 22. Rxe7 Rxe7 23. Be5 Qg5 24. Re3 a6 25. Qe2 Rf7 1/2-1/2

[Event "Druga liga Srbije- Grupa Vojvodina 2014"]
[Site "Kac, hotel "]
[Date "2014.11.13"]
[Round "9.6"]
[White "Drazic, Sinisa"]
[Black "Ratkovic, Miloje"]
[Result "1/2-1/2"]
[WhiteElo "2429"]
[BlackElo "2376"]
[PlyCount "53"]
[EventDate "2014.11.08"]

1. d4 d5 2. Bg5 c6 3. e3 Nf6 4. Nd2 Nbd7 5. f4 g6 6. c3 Bg7 7. Bd3 b6 8. Nh3
Bb7 9. Qf3 c5 10. Nf2 Qc7 11. g4 O-O-O 12. O-O-O c4 13. Bc2 b5 14. Bh4 Qb6 15.
b4 cxb3 16. axb3 Kb8 17. Kb2 Rc8 18. Nb1 b4 19. cxb4 Rc6 20. Bxf6 Bxf6 21. Nd3
Rhc8 22. Na3 e6 23. Qe2 Ba6 24. Qd2 Bxd3 25. Bxd3 Be7 26. Bb5 Rc3 27. Bxd7
1/2-1/2

[Event "Druga liga Srbije- Grupa Vojvodina 2014"]
[Site "Kac, hotel "]
[Date "2014.11.13"]
[Round "9.6"]
[White "Ratkovic, Milovan"]
[Black "Ljubisavljevic, Zivojin Z"]
[Result "1-0"]
[WhiteElo "2332"]
[BlackElo "2158"]
[PlyCount "55"]
[EventDate "2014.11.08"]

1. d4 Nf6 2. c4 e6 3. Nc3 Bb4 4. e3 c5 5. Nge2 cxd4 6. exd4 Be7 7. a3 d6 8. g3
O-O 9. Bg2 e5 10. O-O Nc6 11. h3 Nd7 12. Be3 Nb6 13. b3 f5 14. dxe5 dxe5 15.
Qxd8 Rxd8 16. Bxb6 axb6 17. Nd5 Bxa3 18. Rfd1 Ra5 19. Nxb6 Rxd1+ 20. Rxd1 Be6
21. Bd5 Bxd5 22. cxd5 Nd8 23. Nc4 Ra6 24. Nxe5 Bb2 25. Nc4 Ra1 26. Nxb2 Ra2 27.
Rd2 b5 28. Nc3 1-0

[Event "Druga liga Srbije- Grupa Vojvodina 2014"]
[Site "Kac, hotel "]
[Date "2014.11.13"]
[Round "9.6"]
[White "Dragojlovic, Andjelko"]
[Black "Vucinic, Gojko"]
[Result "1/2-1/2"]
[WhiteElo "2290"]
[BlackElo "2296"]
[PlyCount "39"]
[EventDate "2014.11.08"]

1. b3 e5 2. Bb2 Nc6 3. e3 Nf6 4. Bb5 Bd6 5. Na3 a6 6. Bxc6 dxc6 7. Nc4 Qe7 8.
Ne2 O-O 9. Nxd6 cxd6 10. f4 Bg4 11. O-O Nd5 12. fxe5 dxe5 13. h3 Bxe2 14. Qxe2
Rfd8 15. h4 f6 16. d3 c5 17. a3 Rac8 18. a4 h6 19. Rfe1 Nb4 20. Rac1 1/2-1/2

[Event "Druga liga Srbije- Grupa Vojvodina 2014"]
[Site "Kac, hotel "]
[Date "2014.11.13"]
[Round "9.6"]
[White "Munizaba, Slobodan"]
[Black "Jovic, Stevan"]
[Result "1/2-1/2"]
[WhiteElo "2335"]
[BlackElo "2273"]
[PlyCount "129"]
[EventDate "2014.11.08"]

1. c4 c6 2. Nf3 d5 3. e3 Nf6 4. Nc3 a6 5. b3 Bg4 6. Be2 e6 7. h3 Bh5 8. Bb2
Nbd7 9. d4 Bd6 10. O-O O-O 11. Nd2 Bg6 12. Bf3 Rc8 13. e4 dxe4 14. Ncxe4 Bb8
15. Qe2 Nxe4 16. Nxe4 Re8 17. Rfd1 Qc7 18. g3 Rcd8 19. Rac1 Ba7 20. Kg2 Nf8 21.
Rd3 f5 22. Nd2 Rd7 23. c5 Bb8 24. Nc4 f4 25. Be4 fxg3 26. fxg3 Qd8 27. Re1 Qg5
28. Bc1 Qd8 29. Bb2 Bc7 30. Bxg6 Nxg6 31. Re3 Qg5 32. Qg4 Qxg4 33. hxg4 Nf8 34.
Re4 Red8 35. Bc3 Rd5 36. R1e2 h6 37. Kf2 h5 38. gxh5 Rxh5 39. Ba5 Bxa5 40. Nxa5
Rd7 41. Nc4 Rf7+ 42. Kg2 Rd7 43. b4 Rf5 44. g4 Rf6 45. Rf2 Ng6 46. Nd6 b6 47.
Kg3 Nf8 48. Nc4 bxc5 49. bxc5 Nh7 50. Nd6 Ng5 51. Ree2 Kf8 52. Rb2 Kg8 53. Rb8+
Kh7 54. Rxf6 gxf6 55. Rb6 Kg6 56. Rxc6 Rh7 57. Rxa6 Rh3+ 58. Kf2 Rd3 59. Ra4
Nh3+ 60. Ke1 Nf4 61. c6 Nd5 62. Nb5 Rg3 63. c7 Nxc7 64. Nxc7 Rxg4 65. Nxe6
1/2-1/2